|
|
|
|
| LEADER |
00000naa a2200000uu 4500 |
| 001 |
vtls011034085 |
| 003 |
SK-MaSNL |
| 005 |
20260302124814.0 |
| 008 |
210907|2001 xo |||||||||||||||||slo| |
| 015 |
|
|
|a SNBRA
|
| 035 |
|
|
|a (urnnbn)urn:nbn:sk:snk:ar-008skh
|
| 035 |
|
|
|a (uuid)f2f83799-21f8-45cf-a935-3cac07ec567e
|
| 035 |
|
|
|a urn:nbn:sk:snk-aauoej
|
| 040 |
|
|
|a SNKBUCL
|b slo
|c SNKBUCL
|e AACR2
|
| 041 |
0 |
|
|a slo
|
| 044 |
|
|
|a xo
|c SK
|
| 100 |
1 |
|
|a Tekeľ, Jozef
|4 aut
|9 397889
|
| 245 |
1 |
0 |
|a ŠPECIALIZOVANÝ KATALÓG 2001
|c JOZEF TEKEĽ
|
| 773 |
0 |
|
|t Známková tvorba Slovenskej republiky 1993-2000
|d Bratislava : Združenie klubov filatelistov hl. m. Bratislavy, 2001
|g S. 27-30
|
| 958 |
|
|
|a OND
|
| 958 |
|
|
|a article12
|
| 958 |
|
|
|a chapter
|
| 999 |
|
|
|c 1290199
|d 1292129
|